Central Library OPAC University of Rajshahi

Internetworking with TCP/IP / (Record no. 353)

MARC details
000 -LEADER
fixed length control field 01376nam a2200337 a 4500
001 - CONTROL NUMBER
control field 353
003 - CONTROL NUMBER IDENTIFIER
rucl marc code BD-RjUL
005 - DATE AND TIME OF LATEST TRANSACTION
control field 20211208233149.0
008 - FIXED-LENGTH DATA ELEMENTS--GENERAL INFORMATION
fixed length control field 161119r20051997ii a ||| |||| 001 0 eng d
020 ## - INTERNATIONAL STANDARD BOOK NUMBER
International Standard Book Number 8120310535 (V-1)
Terms of availability : IRs. 195.00 (V-1)
International Standard Book Number 8120322851 (V-2)
Terms of availability : IRs. 295.00)
035 ## - SYSTEM CONTROL NUMBER
System control number (BD-RjUL)370
040 ## - CATALOGING SOURCE
Original cataloging agency BD-RjUL
Language of cataloging eng
Transcribing agency BD-RjUL
Modifying agency BD-RjUL
041 ## - LANGUAGE CODE
Language code of text/sound track or separate title eng
082 04 - DEWEY DECIMAL CLASSIFICATION NUMBER
Edition number 23
Classification number 004.6
Author mark and year COI V1-2-3 1997-2005
100 1# - MAIN ENTRY--PERSONAL NAME
Personal name Comer, Douglas E.
9 (RLIN) 366
245 10 - TITLE STATEMENT
Title Internetworking with TCP/IP /
Statement of responsibility, etc. Douglas E Comer and David Stevens
250 ## - EDITION STATEMENT
Edition statement 3rd ed. , Eastern Economy ed. , Indian Reprint ed.
260 ## - PUBLICATION, DISTRIBUTION, ETC. (IMPRINT)
Place of publication, distribution, etc. New Delhi :
Name of publisher, distributor, etc. Prentice-Hall of India,
Date of publication, distribution, etc. c1995 [Printing 1997]-1999 [Reprint 2005]
300 ## - PHYSICAL DESCRIPTION
Pagination v.. :
Illustrations ill. ;
Size 24 cm.
504 ## - BIBLIOGRAPHY, ETC. NOTE
Bibliography, etc Includes bibliography and index.
505 0# - FORMATTED CONTENTS NOTE
Formatted contents note Vo. 1. Principles, protocols, and architecture / Douglas E Comer -- v. 2. Design, implementation, and internals /Douglas E Comer and David Stevens -- v. 3. Client-server programming and applications.
600 ## - SUBJECT ADDED ENTRY--PERSONAL NAME
Personal name
650 #0 - SUBJECT ADDED ENTRY--TOPICAL TERM
Topical term or geographic name as entry element TCP/IP (Computer network protocol).
9 (RLIN) 406
Topical term or geographic name as entry element Internetworking (Telecommunication)
9 (RLIN) 118276
Topical term or geographic name as entry element Client/server computing.
9 (RLIN) 250199
Topical term or geographic name as entry element Data transmission systems
9 (RLIN) 250200
Topical term or geographic name as entry element Computer network protocols
9 (RLIN) 250201
700 ## - ADDED ENTRY--PERSONAL NAME
Personal name Stevens, David, jt. auth.
942 ## - ADDED ENTRY ELEMENTS (KOHA)
Source of classification or shelving scheme Dewey Decimal Classification
Koha item type Books
Holdings
Lost status Source of classification or shelving scheme Damaged status Not for loan Collection code Permanent Location Current Location Shelving location Date acquired Source of acquisition Cost, normal purchase price Total Checkouts Full call number Date last seen Copy number Koha item type
  Dewey Decimal Classification     Non-fiction Central Library, University of Rajshahi Central Library, University of Rajshahi   21/05/2006 Paragon Enterprise 195.00   004.6 COI V-1 1997 17/11/2013 C-3 Books
  Dewey Decimal Classification     Non-fiction Central Library, University of Rajshahi Central Library, University of Rajshahi   21/05/2006 Paragon Enterprise 195.00   004.6 COI V-1 1997 17/11/2013 C-4 Books
  Dewey Decimal Classification     Non-fiction Central Library, University of Rajshahi Central Library, University of Rajshahi   21/05/2006 Paragon Enterprise 195.00   004.6 COI V-1 1997 17/11/2013 C-5 Books
  Dewey Decimal Classification     Non-fiction Central Library, University of Rajshahi Central Library, University of Rajshahi   21/05/2006 Dhaka,Paragon Enterprise Lit., 195.00   004.6 COI V-1 1997 19/11/2016 C-2 Books
  Dewey Decimal Classification   Not For Loan Non-fiction Central Library, University of Rajshahi Central Library, University of Rajshahi Reading Room 21/05/2006 Paragon Enterprise Lit., 195.00   004.6 COI V-1 1997 13/03/2017 C-1 Books
  Dewey Decimal Classification   Not For Loan Non-fiction Central Library, University of Rajshahi Central Library, University of Rajshahi Reading Room 08/06/2006 Dhaka, Paragon Enterprises Ltd. 295.00   004.6 COI V-2 2005 18/11/2021 C-1 Books
  Dewey Decimal Classification     Non-fiction Central Library, University of Rajshahi Central Library, University of Rajshahi   08/06/2006 Dhaka, Paragon Enterprises Ltd. 295.00   004.6 COI V-2 2003 18/11/2021 C-2 Books
  Dewey Decimal Classification     Non-fiction Central Library, University of Rajshahi Central Library, University of Rajshahi   08/06/2006 Dhaka, Paragon Enterprises Ltd. 295.00   004.6 COI V-2 2005 18/11/2021 C-3 Books
  Dewey Decimal Classification     Non-fiction Central Library, University of Rajshahi Central Library, University of Rajshahi   08/06/2006 Dhaka, Paragon Enterprises Ltd. 295.00   004.6 COI V-2 2005 18/11/2021 C-4 Books